00581nam a2200205 4500003000400000005001700004008004100021020001500062040001800077050002400095100002100119245007500140264004100215300001800256336002200274337002400296338002400320942001400344999001700358OSt20260601193839.0260507b1998 |||a|||| |||| 001 0 eng d a0887308309 aICIbspacICI aHF5415.15bH55 1998 1aHirshberg, Jerry 1aThe Creative Priority:bDriving Innovative Bussiness in the Real World bHarperBusinessc1998aEstados Unidos a261 páginas atexto2rdacontent asin medio2rdamedia avolumen2rdacarrier 2lcccBn1 c21364d21364